LEADER 01853nam a2200349 a 4500 001 000000012172 003 CaOOAMICUS 005 20150414115650.0 008 940516s1971 it u000 u ita r 035 $a10295252 040 $aEFR$bita 100 1 $aConte, Pietro,$d1931-$0(OLS)http://pul/name/11625 245 10$aChiesa e primato nelle lettere dei papi del secolo VII con appendice critica /$cPietro Conte. 260 $aMilano :$bVita e pensiero,$c[1971] 300 $axv, 586 p. ;$c22 cm 490 1 $aPubblicazioni della Università cattolica del Sacro Cuore., Saggi e ricerche.$aSerie 3, Scienze storiche ;$v04 504 $aBibliografia: p. 4-29. 650 4$aChiesa e stato.$0(OLS)http://pul/subject/960 710 2 $aUniversità cattolica del Sacro Cuore. Sede di Milano.$0(OLS)http://pul/name/534 830 0$aPubblicazioni della Università cattolica del Sacro Cuore.$pSaggi e ricerche.$nSerie 3,$pScienze storiche ;$v04.$0(OLS)http://pul/title/17627 850 $aPUL 852 $aPUL$W1$xDP1 Fondo Maccarrone$y58$m1505 E 41$j17205$nBK-PRI$b $qFondi$B17205$CPULBib$Z2$F17205 $H $81 852 $aPUL$W1$xDP1 Tesi Pon Univ. Lateranense$y41$mTH PUL.THEOL 173$j17206$nBK-PRI$b $qTesi$B17206$CPULBib$Z2$F17206 $HPUL35894 $81 852 $aPUL$W1$xDP1 Fondo Capitani$y116$m11 A 18.4$j164730$a3. copia$qFondi$B165004$CPULBib$Z2$F165004 $HCap2713 $82 941 1 $a16 941 1 $a1 960 $aStato e Chiesa$9960 961 $aINV: 01581 -- Fondo Mons. M. Maccarrone 961 $aNota ms. di possesso: Capitani. 996 $6245$aChiesa e primato nelle lettere dei papi del secolo VII con appendice critica$9(OLS)http://pul/title/17626 996 $6260$aMilano :$bVita e pensiero$9(OLS)http://pul/publisher/48016 LEADER 01051nam a2200265 u 4500 001 000000068823 003 CaOOAMICUS 005 20070226121835.0 008 020320s1982 it ae u000 u ita u 035 $a10924613 040 $aPUL(R)$bita 100 1 $aMarcucci, Domenico.$0(OLS)http://pul/name/45766 245 10$aSantuari Mariani d'Italia :$bstoria - fede - arte /$cDomenico Marcucci. 260 $aRoma :$bPaoline,$c1982. 300 $a128 p. :$bill., c. geogr. ;$c22 cm 500 $aContiene indice. 504 $aBIbliografia: p. 117. 600 04$aMaria Virgo,$cs.$xCulto$zItalia.$0(OLS)http://pul/subject/24606 650 4$aSantuari$zItalia.$0(OLS)http://pul/subject/1189 850 $aPUL 852 $aPUL$W1$xSL Filosofia 1$y2$m120 H 41$j88964$nBK-PRI$b $qStampati$B88964$CPULBib$Z2$F88964 $H $81 941 1 $a8 961 $aINV: 50137 996 $6245$aSantuari Mariani d'Italia :$bstoria - fede - arte$9(OLS)http://pul/title/90970 996 $6260$aRoma :$bPaoline$9(OLS)http://pul/publisher/50842